[Event "ICS rated blitz match"]
[Site "204.178.125.65"]
[Date "2000.09.28"]
[Round "?"]
[White "Hossa"]
[Black "SupermanFN"]
[Result "0-1"]
[WhiteElo "2437"]
[BlackElo "2078"]
[PlyCount "132"]
[EventDate "2000.??.??"]

1. e4 e5 2. Bc4 Nf6 3. Nf3 Nxe4 4. d4 d5 5. Bd3 exd4 6. Nxd4 Bc5 7. Be3 O-O 8.
O-O Bb6 9. Nd2 Nxd2 10. Qxd2 c5 11. Nf3 d4 12. Bg5 Qd5 13. Rfe1 Nc6 14. Be4 Qd7
15. Qd3 h6 16. Bf4 Nb4 17. Qd2 Qg4 18. Bd6 Rd8 19. Bg3 Nc6 20. Bxc6 bxc6 21. a4
a5 22. Re7 Be6 23. Rb7 Ra6 24. Rxb6 Rxb6 25. Qxa5 Rdb8 26. Bxb8 Rxb8 27. Qxc5
Bd5 28. h3 Qg6 29. Ne1 Rxb2 30. Qxd4 Rxc2 31. Qe3 Rc4 32. Qe8+ Kh7 33. Qd8 Re4
34. g3 Qf5 35. g4 Rxe1+ 36. Rxe1 Qf3 37. Re4 Bxe4 38. Kf1 Bd3+ 39. Kg1 Be4 40.
Kf1 Qxh3+ 41. Ke1 Qxg4 42. a5 Qe6 43. Kd2 Qd5+ 44. Qxd5 Bxd5 45. a6 c5 46. a7
Ba8 47. Kd3 h5 48. Ke2 h4 49. f3 h3 50. Kf2 g5 51. Kg3 c4 52. Kxh3 c3 53. Kg4
c2 54. Kxg5 c1=Q+ 55. Kg4 Qf1 56. Kf5 Qxf3+ 57. Ke5 Qe4+ 58. Kd6 f5 59. Kc7 f4
60. Kb6 f3 61. Kc7 f2 62. Kb6 f1=Q 63. Kc5 Qc1+ 64. Kb5 Qeb1+ 65. Ka4 Qc4+ 66.
Ka5 Qbb5# {Hossa checkmated} 0-1

[Event "ICS rated blitz match"]
[Site "204.178.125.65"]
[Date "2000.09.28"]
[Round "?"]
[White "SupermanFN"]
[Black "Hossa"]
[Result "0-1"]
[WhiteElo "2097"]
[BlackElo "2409"]
[PlyCount "48"]
[EventDate "2000.??.??"]

1. e4 c6 2. d4 d5 3. e5 Bf5 4. Nf3 e6 5. Be2 Nd7 6. O-O h6 7. b3 c5 8. c4 dxc4
9. Bxc4 Ne7 10. Re1 Nc6 11. Bf4 cxd4 12. Nxd4 Nxd4 13. Qxd4 Bc5 14. Qd2 O-O 15.
Nc3 Nb6 16. Bf1 Qxd2 17. Bxd2 Rfd8 18. Be3 Bb4 19. Rac1 Rdc8 20. Bd4 Nd5 21.
Nxd5 exd5 22. Red1 Bc2 23. Bb2 Bxd1 24. Rxd1 Rc2 {SupermanFN resigns} 0-1

[Event "ICS rated blitz match"]
[Site "204.178.125.65"]
[Date "2000.09.28"]
[Round "?"]
[White "Hossa"]
[Black "SupermanFN"]
[Result "1-0"]
[WhiteElo "2414"]
[BlackElo "2092"]
[PlyCount "51"]
[EventDate "2000.??.??"]

1. d4 d5 2. c4 dxc4 3. Nf3 Nf6 4. e3 e6 5. Bxc4 c5 6. Qe2 a6 7. O-O b5 8. Bd3
Bb7 9. dxc5 Bxc5 10. Bxb5+ Nbd7 11. Bd3 O-O 12. Nc3 Bxf3 13. gxf3 Ne5 14. Bxa6
Rxa6 15. Qxa6 Nxf3+ 16. Kg2 Nh4+ 17. Kh1 Ng4 18. Qc4 h5 19. Qxc5 Nf3 20. Qxh5
Ngxh2 21. Rd1 Qc7 22. Kg2 g6 23. Qh6 Ng4 24. Qh3 Nfe5 25. f4 Qc6+ 26. e4 {
SupermanFN resigns} 1-0

[Event "ICS Rated standard match"]
[Site "204.178.125.65"]
[Date "2000.09.28"]
[Round "?"]
[White "Interceptor"]
[Black "Hossa"]
[Result "1-0"]
[WhiteElo "2551"]
[BlackElo "2402"]
[PlyCount "167"]
[EventDate "2000.??.??"]

1. e4 c5 2. Nf3 e6 3. b3 d6 4. Bb2 Nc6 5. Bb5 a6 6. Bxc6+ bxc6 7. d4 cxd4 8.
Qxd4 e5 9. Qa4 Bd7 10. Nc3 Nf6 11. O-O Be7 12. Rfe1 O-O 13. Qc4 Qb6 14. a4 Ng4
15. Qe2 Be6 16. Ba3 Qd8 17. h3 Nf6 18. Ng5 Qc7 19. Nxe6 fxe6 20. a5 Rf7 21. Qd3
d5 22. Bxe7 Qxe7 23. Rab1 Nd7 24. b4 Qg5 25. Ne2 Raf8 26. Rf1 Nb8 27. Ng3 Qd8
28. Rb2 Qe7 29. c4 Qd8 30. cxd5 cxd5 31. b5 Qxa5 32. exd5 exd5 33. Qxd5 Qc3 34.
Rfb1 Qd4 35. Qxd4 exd4 36. b6 a5 37. Ra2 Nc6 38. Rc1 Rf6 39. Ne4 Re6 40. Nc5
Re7 41. b7 g6 42. f3 Rfe8 43. Ne4 Re6 44. Rac2 Rb8 45. Rxc6 Rxc6 46. Rxc6 Rxb7
47. Ra6 Rb5 48. Ra8+ Kg7 49. Ra7+ Kf8 50. Rxh7 Rd5 51. Kf2 Rb5 52. Ra7 Rb2+ 53.
Kf1 Rb1+ 54. Ke2 Rb2+ 55. Kd3 Rxg2 56. Rxa5 Rh2 57. Ng5 Rg2 58. Kxd4 Rg1 59.
Ra8+ Ke7 60. Ra7+ Ke8 61. f4 Rb1 62. Ra6 Rf1 63. Ke5 Re1+ 64. Kf6 Rf1 65. Ne6
Kd7 66. Nf8+ Kd8 67. Nxg6 Kc7 68. h4 Kb7 69. Re6 Kc7 70. h5 Rh1 71. Re5 Kd6 72.
Kg7 Rb1 73. h6 Rb7+ 74. Re7 Rb5 75. h7 Rd5 76. h8=Q Kc5 77. Qc8+ Kd4 78. Qc2
Rc5 79. Re4+ Kd5 80. Re5+ Kc6 81. Qxc5+ Kb7 82. Re7+ Kb8 83. Qd6+ Kc8 84. Qc7#
{Hossa checkmated} 1-0

[Event "ICS rated blitz match"]
[Site "204.178.125.65"]
[Date "2000.09.28"]
[Round "?"]
[White "Hossa"]
[Black "Colorado"]
[Result "0-1"]
[WhiteElo "2425"]
[BlackElo "2696"]
[PlyCount "116"]
[EventDate "2000.??.??"]

1. e4 e5 2. Nf3 Nc6 3. Nc3 Nf6 4. d4 exd4 5. Nxd4 Bb4 6. Nxc6 bxc6 7. Bd3 d5 8.
exd5 Qe7+ 9. Qe2 Qxe2+ 10. Kxe2 cxd5 11. Nb5 Kd8 12. c3 Re8+ 13. Kf1 Bc5 14.
Bf4 Bb6 15. Bg5 Bd7 16. Nd4 Bxd4 17. cxd4 Rb8 18. Bxf6+ gxf6 19. b3 Rb4 20. Re1
Rxe1+ 21. Kxe1 Rxd4 22. Bxh7 f5 23. f4 Re4+ 24. Kd2 Re8 25. g4 fxg4 26. Bd3 Rh8
27. Bf1 Ke7 28. Bg2 Kd6 29. b4 Rb8 30. a3 a5 31. Kc3 axb4+ 32. axb4 d4+ 33. Kc4
Be6+ 34. Kxd4 Rxb4+ 35. Kd3 Rxf4 36. Rd1 f5 37. Ke3+ Ke5 38. h3 g3 39. Bf3 Ra4
40. Ke2 f4 41. Bg2 Ra2+ 42. Kf1 Rf2+ 43. Kg1 f3 44. Bxf3 Rxf3 45. Re1+ Kf6 46.
Kg2 Bd5 47. Kg1 c5 48. Rd1 Ke5 49. h4 Rf5 50. Re1+ Kd6 51. Re8 g2 52. Rd8+ Kc6
53. Kh2 Rf1 54. Kh3 g1=Q 55. Rc8+ Kb7 56. Rb8+ Kxb8 57. h5 Be6+ 58. Kh4 Qg4# {
Hossa checkmated} 0-1

[Event "ICS rated blitz match"]
[Site "204.178.125.65"]
[Date "2000.09.28"]
[Round "?"]
[White "Colorado"]
[Black "Hossa"]
[Result "0-1"]
[WhiteElo "2702"]
[BlackElo "2419"]
[PlyCount "134"]
[EventDate "2000.??.??"]

1. e4 e5 2. Nf3 Nc6 3. Bc4 Nf6 4. d3 Be7 5. O-O O-O 6. Re1 d6 7. c3 Na5 8. Bb5
a6 9. Ba4 b5 10. Bc2 c5 11. Nbd2 Nc6 12. Nf1 Qc7 13. Ne3 Be6 14. Ng5 Bd8 15.
Qf3 Bd7 16. Nd5 Qc8 17. a4 h6 18. axb5 axb5 19. Rxa8 Qxa8 20. Nh3 Qa2 21. Qg3
Nxd5 22. Bxh6 Bf6 23. exd5 Ne7 24. Bc1 Nxd5 25. Bd1 Qb1 26. Be2 Ra8 27. Qf3 Be6
28. Qh5 Be7 29. c4 bxc4 30. dxc4 Nb4 31. Rd1 g6 32. Qf3 e4 33. Qb3 Ra2 34. Bg5
Qxb2 35. Qxb2 Rxb2 36. Bxe7 Rxe2 37. Nf4 Rc2 38. Bxd6 Rxc4 39. Nxe6 fxe6 40. h4
Kf7 41. Kh2 Rc2 42. Re1 Nd3 43. Rxe4 Rxf2 44. Kg3 Rf5 45. Ra4 e5 46. Bc7 Rf6
47. Ra7 Ke6 48. Ra6+ Kf5 49. Rxf6+ Kxf6 50. Kf3 c4 51. Ba5 Ke6 52. Bc3 Nf4 53.
Be1 Kd5 54. Bc3 Ne6 55. g4 Nd4+ 56. Ke3 Nb5 57. Bb4 Nd6 58. Bxd6 Kxd6 59. h5
gxh5 60. gxh5 Ke6 61. Kd2 e4 62. Ke2 c3 63. h6 Kf6 64. h7 Kg7 65. Ke3 Kxh7 66.
Ke2 Kg6 67. Kd1 e3 {Colorado resigns} 0-1

[Event "ICS rated blitz match"]
[Site "204.178.125.65"]
[Date "2000.09.28"]
[Round "?"]
[White "Colorado"]
[Black "Hossa"]
[Result "1-0"]
[WhiteElo "2676"]
[BlackElo "2446"]
[PlyCount "121"]
[EventDate "2000.??.??"]

1. e4 e5 2. Nf3 Nc6 3. Bc4 Bc5 4. c3 Nf6 5. d4 exd4 6. cxd4 Bb4+ 7. Bd2 Bxd2+
8. Nbxd2 d5 9. exd5 Nxd5 10. O-O O-O 11. Ne5 Nxd4 12. Nb3 Nxb3 13. Bxd5 Qf6 14.
Qxb3 Qxe5 15. Bxf7+ Rxf7 16. Rae1 Be6 17. Qxe6 Qxe6 18. Rxe6 Rd7 19. Rfe1 Rd2
20. R1e2 Rd1+ 21. Re1 Rxe1+ 22. Rxe1 Rd8 23. Kf1 Kf7 24. Ke2 Kf6 25. Rc1 c6 26.
Rc3 Re8+ 27. Kd2 Re5 28. Rd3 Rg5 29. g3 Ra5 30. Rd7 Rd5+ 31. Rxd5 cxd5 32. Ke3
Ke5 33. f4+ Kd6 34. Kd4 h5 35. f5 a6 36. h3 b6 37. g4 hxg4 38. hxg4 b5 39. b4
Kc6 40. g5 Kd6 41. a3 g6 42. fxg6 Ke6 43. g7 Kf7 44. Kxd5 Kg8 45. Kc6 Kxg7 46.
Kb6 Kg6 47. Kxa6 Kf5 48. Kxb5 Kg6 49. a4 Kf7 50. g6+ Kg7 51. Kc5 Kf6 52. a5 Kg7
53. a6 Kf6 54. a7 Kg7 55. a8=Q Kxg6 56. Kd6 Kf5 57. Qf3+ Kg5 58. Ke6 Kg6 59.
Qg3+ Kh6 60. Kf6 Kh7 61. Qg7# {Hossa checkmated} 1-0

[Event "ICS rated blitz match"]
[Site "204.178.125.65"]
[Date "2000.09.28"]
[Round "?"]
[White "Hossa"]
[Black "Zippy"]
[Result "1-0"]
[WhiteElo "2439"]
[BlackElo "2302"]
[PlyCount "125"]
[EventDate "2000.??.??"]

1. e4 e6 2. Nf3 d5 3. e5 c5 4. d4 Nc6 5. dxc5 Bxc5 6. Nc3 Qc7 7. Nb5 Qb6 8. Qe2
a6 9. Nd6+ Bxd6 10. exd6 Qb4+ 11. c3 Qxd6 12. Be3 Nf6 13. g3 e5 14. Bg2 Ng4 15.
Bd2 e4 16. Bf4 Qe7 17. Nd4 g5 18. Bd2 Nge5 19. O-O Bd7 20. Nxc6 Bxc6 21. Qh5 h6
22. Be3 Rh7 23. Rfd1 Nc4 24. Qe2 Nxe3 25. Qxe3 f5 26. Qd4 O-O-O 27. a4 Kb8 28.
b4 Qg7 29. Qc5 Qf8 30. Qb6 Rd6 31. Qd4 Qg7 32. Qc5 Qc7 33. Qd4 Be8 34. Bh3 g4
35. Bg2 Qg7 36. Qe3 Qe5 37. a5 Rc7 38. Rd4 Bb5 39. Rad1 Qe6 40. R4d2 Bc4 41.
Bf1 Bb3 42. Rb1 Bc4 43. Rbd1 Qe5 44. Bxc4 Rxc4 45. Rd3 Rd7 46. R1d2 Ka8 47. Rd4
Rd6 48. Rd1 h5 49. Qg5 Rc8 50. Qd2 Rcd8 51. c4 h4 52. gxh4 Kb8 53. Rxd5 Rxd5
54. cxd5 Rh8 55. Qg5 Kc7 56. d6+ Kd7 57. Qg6 Rf8 58. Qh7+ Kc6 59. Rc1+ Kxd6 60.
Qxb7 Rg8 61. Rc6+ Kd5 62. Qd7+ Qd6 63. Qxd6# {Zippy checkmated} 1-0

[Event "ICS rated bullet match"]
[Site "204.178.125.65"]
[Date "2000.09.28"]
[Round "?"]
[White "Hossa"]
[Black "JSBach"]
[Result "1-0"]
[WhiteElo "2379"]
[BlackElo "1982"]
[PlyCount "47"]
[EventDate "2000.??.??"]

1. d4 d5 2. c4 dxc4 3. e3 b5 4. a4 c6 5. axb5 Be6 6. Qa4 Qb6 7. Na3 Bd5 8. Nxc4
Qb7 9. b6 Bxc4 10. Bxc4 Qxb6 11. Nf3 e6 12. Bd2 Qxb2 13. Bb3 Bd6 14. O-O f5 15.
Ra2 Qxa2 16. Qxa2 Ne7 17. Bxe6 a6 18. Bf7+ Kf8 19. Qe6 a5 20. Bh5 Bxh2+ 21.
Kxh2 g6 22. Qf6+ Kg8 23. Ne5 Ra7 24. Qf7# {JSBach checkmated} 1-0

[Event "ICS rated blitz match"]
[Site "204.178.125.65"]
[Date "2000.09.28"]
[Round "?"]
[White "Hossa"]
[Black "Colorado"]
[Result "0-1"]
[WhiteElo "2449"]
[BlackElo "2683"]
[PlyCount "118"]
[EventDate "2000.??.??"]

1. e4 d5 2. exd5 Qxd5 3. Nc3 Qa5 4. d4 Nf6 5. Nf3 Bg4 6. h3 Bxf3 7. Qxf3 c6 8.
Bd2 e6 9. Ne4 Qd8 10. Nxf6+ Qxf6 11. Qxf6 gxf6 12. Bd3 Nd7 13. Ke2 O-O-O 14. g3
Bd6 15. c3 h5 16. Kf3 Rhg8 17. Rhe1 h4 18. gxh4 Rh8 19. Rh1 Rxh4 20. Rag1 Rdh8
21. Bf1 c5 22. Be3 cxd4 23. cxd4 Kd8 24. Rg7 Bf8 25. Rg4 Rxg4 26. Kxg4 Rg8+ 27.
Kf3 Nb6 28. Bd2 f5 29. Ba5 Ke7 30. Bxb6 axb6 31. Bb5 Rh8 32. h4 Bg7 33. h5 Bxd4
34. b3 Rh6 35. a3 Bb2 36. a4 Bd4 37. Bc4 Kd6 38. Bd3 f6 39. Rh4 Ke5 40. Bb5 Bc5
41. Bc4 Bd6 42. Bd3 Be7 43. Rh1 Bb4 44. Bb5 Bc3 45. Rh4 Kd6 46. Kf4 Bd4 47. Kg3
e5 48. Rh1 e4 49. Kg2 f4 50. Rd1 Ke5 51. Be8 Rh8 52. Bg6 f3+ 53. Kf1 Rc8 54.
Kg1 f5 55. Rf1 f4 56. b4 e3 57. Rb1 e2 58. b5 Bb2 59. Bd3 Bc1 {Hossa resigns}
0-1

[Event "ICS rated blitz match"]
[Site "204.178.125.65"]
[Date "2000.09.28"]
[Round "?"]
[White "did"]
[Black "Hossa"]
[Result "1-0"]
[WhiteElo "2557"]
[BlackElo "2442"]
[PlyCount "115"]
[EventDate "2000.??.??"]

1. e4 e5 2. Nf3 Nc6 3. Bb5 a6 4. Ba4 Nf6 5. O-O Be7 6. Re1 b5 7. Bb3 d6 8. c3
O-O 9. h3 Bb7 10. d4 Re8 11. Ng5 Rf8 12. Nf3 Re8 13. Ng5 Rf8 14. Nf3 a5 15. Qe2
a4 16. Bc2 Ba6 17. Bd3 Rb8 18. b3 axb3 19. a4 d5 20. exd5 Qxd5 21. dxe5 b2 22.
Bxb2 Nh5 23. Bc1 Rfd8 24. Be4 Qd7 25. g4 Na5 26. Bc2 Rb6 27. axb5 Bxb5 28. Qe4
Bd3 29. Bxd3 Qxd3 30. Qxd3 Rxd3 31. Rxa5 Rxb1 32. Ra8+ Rd8 33. Rxd8+ Bxd8 34.
gxh5 h6 35. Be3 Rxe1+ 36. Nxe1 Kf8 37. Nd3 Ke8 38. f4 c6 39. Bc5 Bh4 40. Kf1
Be7 41. Bxe7 Kxe7 42. f5 Ke8 43. Ke2 Kd7 44. Ke3 Kc7 45. Kd4 Kd8 46. Kc5 Kd7
47. Nb4 Ke7 48. Kxc6 Kd8 49. Nd5 Ke8 50. e6 fxe6 51. fxe6 Kd8 52. e7+ Ke8 53.
c4 Kf7 54. Kd7 g5 55. e8=Q+ Kg7 56. Qe7+ Kg8 57. Nf6+ Kh8 58. Qf8# {
Hossa checkmated} 1-0

[Event "ICS rated blitz match"]
[Site "204.178.125.65"]
[Date "2000.09.28"]
[Round "?"]
[White "Colorado"]
[Black "Hossa"]
[Result "1-0"]
[WhiteElo "2690"]
[BlackElo "2424"]
[PlyCount "131"]
[EventDate "2000.??.??"]

1. e4 c6 2. d4 d5 3. exd5 cxd5 4. Bd3 Nc6 5. c3 Nf6 6. Bf4 Bg4 7. Qb3 Na5 8.
Qa4+ Nc6 9. Ne2 Nh5 10. Be3 e6 11. h3 Bxe2 12. Bxe2 Nf6 13. O-O Bd6 14. Qc2 Qc7
15. Re1 Bh2+ 16. Kh1 Bf4 17. Qc1 Bxe3 18. Qxe3 O-O-O 19. Na3 Qb8 20. Rac1 h6
21. c4 Rd7 22. Bf3 Rhd8 23. Red1 Re8 24. Nb5 a6 25. Nc3 Qd6 26. cxd5 exd5 27.
Qd2 Rde7 28. Na4 Ne4 29. Bxe4 Rxe4 30. Nc3 Rh4 31. f3 Kb8 32. Qf2 g5 33. Rd2
Rd8 34. Kg1 Qf6 35. Ne2 Nb4 36. a3 Nc6 37. Qe3 Qe7 38. Qb3 Ka7 39. Rdc2 f5 40.
Qc3 f4 41. Kf1 Ka8 42. Qb3 Na5 43. Qa4 Nc4 44. Kg1 Qe3+ 45. Kh2 Qd3 46. Qb4 Re8
47. Ng1 Qxd4 48. b3 b5 49. bxc4 dxc4 50. a4 Qe5 51. Ra2 Qe3 52. Rc3 Qe7 53. Qa5
Qb7 54. axb5 Rc8 55. bxa6 Qc6 56. Rb2 Rb8 57. Rxb8+ Kxb8 58. a7+ Ka8 59. Ra3
Qd7 60. Qc5 Rxh3+ 61. Nxh3 h5 62. Qf8+ Kb7 63. a8=Q+ Kb6 64. Qa6+ Kc7 65. Qa7+
Kc6 66. Qfc5# {Hossa checkmated} 1-0

[Event "ICS rated blitz match"]
[Site "204.178.125.65"]
[Date "2000.09.28"]
[Round "?"]
[White "Hossa"]
[Black "Colorado"]
[Result "0-1"]
[WhiteElo "2415"]
[BlackElo "2696"]
[PlyCount "136"]
[EventDate "2000.??.??"]

1. e4 e5 2. Nf3 Nc6 3. d4 exd4 4. Nxd4 Nf6 5. Nxc6 bxc6 6. e5 Qe7 7. Qe2 Nd5 8.
c4 Nb6 9. Bd2 Qe6 10. b3 Be7 11. Nc3 O-O 12. Qe4 f5 13. Qe3 f4 14. Qe4 d5 15.
exd6 Qxd6 16. Be2 Bf6 17. Rd1 Bg4 18. h3 Rae8 19. Qc2 Bxe2 20. Nxe2 Qe5 21. Bb4
c5 22. Ba5 Bh4 23. Qd3 Rd8 24. Qf3 Rxd1+ 25. Kxd1 Qb2 26. Bd2 Rd8 27. Qxf4 h6
28. Qe3 Bxf2 29. Qc3 Qb1+ 30. Qc1 Qg6 31. Nc3 Be3 32. Nb1 Qxg2 33. Re1 Qxh3 34.
Qc3 Qf3+ 35. Re2 Qf5 36. Qc2 Qg4 37. a3 h5 38. Qc3 Bf4 39. Qc2 Qf3 40. Qb2 Bg3
41. Nc3 Be5 42. Kc2 Qd3+ 43. Kd1 Bxc3 44. Qc2 h4 45. Re8+ Kf7 46. Qxd3 Rxd3 47.
Re3 Rxd2+ 48. Kc1 Ba5 49. b4 Nxc4 50. Rc3 Rd4 51. bxa5 Nxa5 52. Rf3+ Ke6 53.
Re3+ Kd5 54. Re7 Nb3+ 55. Kb2 Kc4 56. Re3 Rd2+ 57. Kb1 Rd3 58. Re1 h3 59. Rh1
g5 60. a4 g4 61. Kb2 Kb4 62. Rh2 g3 63. Re2 g2 64. Re4+ c4 65. Re1 Rd2+ 66. Kb1
Ka3 67. Re2 Rxe2 68. a5 g1=Q# {Hossa checkmated} 0-1

[Event "ICS rated blitz match"]
[Site "204.178.125.65"]
[Date "2000.09.28"]
[Round "?"]
[White "Moosers"]
[Black "Hossa"]
[Result "0-1"]
[WhiteElo "2196"]
[BlackElo "2410"]
[PlyCount "86"]
[EventDate "2000.??.??"]

1. e4 e5 2. Nf3 Nc6 3. d4 exd4 4. c3 dxc3 5. Bc4 cxb2 6. Bxb2 d6 7. O-O Be6 8.
Bxe6 fxe6 9. Qb3 Qd7 10. Ng5 Nd8 11. f4 Nf6 12. Nc3 c6 13. Rad1 h6 14. Nf3 d5
15. Ne5 Qc7 16. exd5 exd5 17. Ng6 Rh7 18. Rfe1+ Kf7 19. Ne5+ Kg8 20. Ne2 Ne6
21. Kh1 Ne4 22. Qf3 Bb4 23. Nc3 Nxc3 24. Bxc3 Bxc3 25. Qxc3 Nxf4 26. Rf1 Re8
27. Ng4 h5 28. Qg3 hxg4 29. Rxf4 Qe7 30. Qxg4 Qe2 31. Rdf1 Qxg4 32. Rxg4 Re2
33. a4 Rh6 34. h3 b5 35. Rb1 a6 36. axb5 axb5 37. Rg3 d4 38. Rc1 Re3 39. Rg4
Rc3 40. Rd1 c5 41. Re4 b4 42. Re8+ Kh7 43. Rb8 Rc2 {Moosers resigns} 0-1

[Event "ICS rated blitz match"]
[Site "204.178.125.65"]
[Date "2000.09.28"]
[Round "?"]
[White "Hossa"]
[Black "wwallace"]
[Result "1-0"]
[WhiteElo "2439"]
[BlackElo "2128"]
[PlyCount "44"]
[EventDate "2000.??.??"]

1. e4 d6 2. d4 Nf6 3. Nc3 g6 4. g3 Bg7 5. Nge2 O-O 6. Bg2 c5 7. dxc5 dxc5 8.
O-O Nc6 9. Be3 Nd7 10. Qd2 Qa5 11. Bh6 Bh8 12. Bxf8 Nxf8 13. Rfd1 Be6 14. Nd5
Qxd2 15. Rxd2 g5 16. c3 Ng6 17. Nc7 Rc8 18. Nxe6 fxe6 19. f4 gxf4 20. Nxf4 e5
21. Bh3 Rf8 22. Ne6 Kf7 {wwallace resigns} 1-0

[Event "ICS rated blitz match"]
[Site "204.178.125.65"]
[Date "2000.09.28"]
[Round "?"]
[White "Colorado"]
[Black "Hossa"]
[Result "1-0"]
[WhiteElo "2701"]
[BlackElo "2444"]
[PlyCount "91"]
[EventDate "2000.??.??"]

1. e4 e5 2. Bc4 Nf6 3. d3 c6 4. Nf3 d5 5. Bb3 Bd6 6. Nc3 dxe4 7. Ng5 O-O 8.
Ncxe4 Nxe4 9. Nxe4 Na6 10. O-O Nc5 11. Nxc5 Bxc5 12. Be3 Bd6 13. Qf3 Qh4 14. h3
Bd7 15. Rae1 b6 16. Bd2 Qe7 17. Bc3 Rae8 18. Re3 Qg5 19. Rfe1 Re7 20. d4 exd4
21. Rxe7 Bxe7 22. Bxd4 Bb4 23. Rd1 Bc8 24. Qxc6 Bxh3 25. Be3 Qh5 26. Rd5 Bxg2
27. Kxg2 Qg4+ 28. Kf1 Qh3+ 29. Ke2 Qh1 30. c3 Be7 31. Qb7 Bh4 32. Rd7 Qxb7 33.
Rxb7 Ra8 34. Rxf7 Re8 35. Kf3 Bd8 36. Bd4 Rf8 37. Rf4+ Rf7 38. Rxf7 h5 39. Bxg7
Bg5 40. Rxa7+ Kh7 41. Be5+ Kh6 42. Bc2 Be7 43. Rxe7 Kg5 44. Rg7+ Kh6 45. Bf6 h4
46. Rh7# {Hossa checkmated} 1-0

[Event "ICS rated blitz match"]
[Site "204.178.125.65"]
[Date "2000.09.28"]
[Round "?"]
[White "Hossa"]
[Black "harimau"]
[Result "0-1"]
[WhiteElo "2438"]
[BlackElo "2817"]
[PlyCount "150"]
[EventDate "2000.??.??"]

1. e4 d5 2. exd5 Qxd5 3. Nc3 Qa5 4. d4 c6 5. Nf3 Nf6 6. Bc4 Bf5 7. Bd2 e6 8.
Qe2 Bb4 9. a3 Nbd7 10. O-O Bxc3 11. Bxc3 Qc7 12. Bb4 a5 13. Bd2 Bxc2 14. Bxa5
Qxa5 15. Qxc2 O-O 16. Bd3 Qd5 17. Qd2 Qd6 18. Rfd1 Rfd8 19. Qg5 h6 20. Qc1 Nd5
21. Qc2 Nf4 22. Bh7+ Kf8 23. Be4 Rab8 24. g3 Nd5 25. Nd2 N5b6 26. Nc4 Nxc4 27.
Qxc4 Nf6 28. Bf3 Ra8 29. Rd2 Rd7 30. Rdd1 Nd5 31. Qc5 Ne7 32. Be4 Rad8 33. Qc4
Qc7 34. Bc2 Qb6 35. Qc5 Qxb2 36. Rab1 Qa2 37. Rb3 b5 38. Qc3 c5 39. Rxb5 cxd4
40. Qd3 Rc7 41. Bb1 Qc4 42. Qxc4 Rxc4 43. Rb7 Ra4 44. Rd3 Rc8 45. Kg2 Nd5 46.
Rdb3 Rc3 47. Be4 Nf6 48. Rb8+ Ke7 49. R8b7+ Nd7 50. Rxc3 dxc3 51. Bd3 Rd4 52.
Bb1 Rd1 53. a4 Kd6 54. Rb4 Ne5 55. Rb6+ Kc7 56. Rb3 Rxb1 57. Rxb1 Nd3 58. Kf3
c2 59. Rf1 c1=R 60. Rxc1+ Nxc1 61. Kf4 Kb6 62. Ke5 Nd3+ 63. Kd6 Nxf2 64. Ke7 e5
65. Kxf7 g5 66. h4 gxh4 67. gxh4 e4 68. Kg6 e3 69. Kxh6 e2 70. h5 e1=Q 71. Kg6
Qe6+ 72. Kh7 Qf7+ 73. Kh6 Qg8 74. a5+ Ka7 75. a6 Ng4# {Hossa checkmated} 0-1

[Event "ICS rated blitz match"]
[Site "204.178.125.65"]
[Date "2000.09.28"]
[Round "?"]
[White "Colorado"]
[Black "Hossa"]
[Result "1/2-1/2"]
[WhiteElo "2714"]
[BlackElo "2435"]
[PlyCount "186"]
[EventDate "2000.??.??"]

1. d4 d5 2. c4 e6 3. Nc3 Nf6 4. Bg5 Be7 5. e3 O-O 6. Nf3 Nbd7 7. Rc1 c6 8. Qc2
Ne4 9. Bxe7 Qxe7 10. Nxe4 dxe4 11. Qxe4 Qb4+ 12. Nd2 Qxb2 13. Rb1 Qa3 14. Qc2
e5 15. dxe5 Nxe5 16. Be2 Rd8 17. O-O Qe7 18. Rfd1 b6 19. Nf3 Bd7 20. Rd2 Ng6
21. Rbd1 c5 22. Ng5 Bc6 23. Qf5 Rxd2 24. Rxd2 h6 25. Bf3 Bxf3 26. Nxf3 Rd8 27.
Rxd8+ Qxd8 28. Qc2 Qd7 29. Kf1 b5 30. cxb5 Qxb5+ 31. Ke1 c4 32. Nd2 Ne5 33. Qc3
Qd5 34. f3 a6 35. e4 Qc5 36. Ke2 g5 37. g3 Kh7 38. h4 gxh4 39. gxh4 Qb5 40. a4
Qc5 41. h5 Kg8 42. a5 Nd3 43. Nxc4 Nf4+ 44. Kd1 Nxh5 45. Kc2 Nf4 46. Ne3 Qxc3+
47. Kxc3 h5 48. Kc4 h4 49. Ng4 Ne6 50. Kd5 h3 51. Ke5 Kg7 52. Nf2 h2 53. Kf5
Nd4+ 54. Kg4 Nb3 55. Kg3 Nxa5 56. Kxh2 Nb3 57. Nd1 a5 58. Nb2 Nc5 59. Kg3 a4
60. Nc4 Kf6 61. Kf4 Ne6+ 62. Ke3 Kg5 63. Na3 f6 64. Nc4 Kh4 65. Kf2 Kh3 66. Na3
Nf4 67. Nc2 Kh2 68. Na3 Nh3+ 69. Ke3 Kg3 70. e5 fxe5 71. Ke4 Kf2 72. Kxe5 Ke3
73. Kd5 Kd3 74. Kc5 Kc3 75. Nb5+ Kb3 76. Nd4+ Ka2 77. Nb5 a3 78. Nxa3 Kxa3 79.
f4 Nf2 80. Kb5 Ne4 81. Kc6 Kb4 82. f5 Nf6 83. Kc7 Kc5 84. Kd8 Kd6 85. Kc8 Kc6
86. Kd8 Kc5 87. Ke7 Nd5+ 88. Kf8 Nf6 89. Kg7 Ne8+ 90. Kh8 Nf6 91. Kg7 Ne8+ 92.
Kh8 Nf6 93. Kg7 Nh5+ {Game drawn by repetition} 1/2-1/2

[Event "ICS rated blitz match"]
[Site "204.178.125.65"]
[Date "2000.09.28"]
[Round "?"]
[White "Hossa"]
[Black "PostModernist"]
[Result "0-1"]
[WhiteElo "2446"]
[BlackElo "2585"]
[PlyCount "116"]
[EventDate "2000.??.??"]

1. e4 Nc6 2. d4 d5 3. Nc3 e6 4. e5 Bd7 5. Nf3 f6 6. a3 fxe5 7. dxe5 Bc5 8. Bg5
Be7 9. Be3 Nh6 10. Bxh6 gxh6 11. Bd3 Bc5 12. Qd2 Qe7 13. b4 Bb6 14. Qf4 a5 15.
b5 Qc5 16. O-O Nd4 17. Nxd4 Qxd4 18. Qg3 O-O-O 19. Ne2 Qc5 20. Ra2 Rdg8 21. Qh4
d4 22. Qe4 Bxb5 23. Bxb5 Qxb5 24. Nf4 Rg5 25. Re1 Qc4 26. Rb2 Rf8 27. Nd3 Rg7
28. Reb1 h5 29. g3 Rgf7 30. h4 Rg8 31. Qe2 Rg4 32. Rb3 Qc6 33. Qd2 Rfg7 34. Ne1
Rxh4 35. Rf3 Qe8 36. Rfb3 Rhg4 37. Nf3 h4 38. Nh2 R4g6 39. g4 h5 40. Rh3 hxg4
41. Rxh4 g3 42. Nf1 gxf2+ 43. Kxf2 Rg2+ 44. Ke1 Rxd2 45. Kxd2 Rg2+ 46. Kc1 Qg6
47. Rh8+ Kd7 48. Nd2 Qg5 49. Kb2 Qxd2 50. Rc1 Qc3+ 51. Ka2 Rxc2+ 52. Rxc2 Qxc2+
53. Ka1 d3 54. Rh7+ Kc6 55. Rh4 d2 56. Rc4+ Qxc4 57. Kb2 Bd4+ 58. Kb1 d1=Q# {
Hossa checkmated} 0-1

[Event "ICS rated blitz match"]
[Site "204.178.125.65"]
[Date "2000.09.28"]
[Round "?"]
[White "Hossa"]
[Black "PostModernist"]
[Result "0-1"]
[WhiteElo "2436"]
[BlackElo "2597"]
[PlyCount "134"]
[EventDate "2000.??.??"]

1. e4 c5 2. Nf3 g6 3. d4 cxd4 4. Nxd4 Nc6 5. Nc3 Bg7 6. Be3 Nf6 7. Bc4 O-O 8.
Nxc6 dxc6 9. Qxd8 Rxd8 10. Bc5 Kf8 11. f3 b5 12. Bb3 Nd7 13. Rd1 Bb7 14. Be3 a5
15. a3 a4 16. Ba2 Bxc3+ 17. bxc3 Ba6 18. c4 bxc4 19. Kd2 f5 20. Kc3 Nf6 21.
Rde1 fxe4 22. Bh6+ Ke8 23. fxe4 Rac8 24. Bg5 Ng4 25. h3 Ne5 26. Bf4 Nf7 27.
Rhf1 e5 28. Be3 Rb8 29. Rf6 Nd6 30. Re6+ Kd7 31. Rxe5 Re8 32. Bf4 Rf8 33. Bg3
Nb5+ 34. Kb4 Nd6+ 35. Kc3 Nb5+ 36. Kb2 c3+ 37. Kc1 Nd4 38. Rd1 Rf1 39. Rh5
Rxd1+ 40. Kxd1 Rf8 41. Rxh7+ Ke8 42. Bf7+ Rxf7 43. Rxf7 Kxf7 44. Be5 Nb5 45. h4
c5 46. Bf4 Nxa3 47. e5 Nc4 48. Kc1 Nd2 49. Bxd2 cxd2+ 50. Kxd2 a3 51. Kc3 Bc4
52. Kxc4 a2 53. c3 a1=Q 54. g4 Ke6 55. h5 Qf1+ 56. Kxc5 gxh5 57. g5 Qg1+ 58.
Kb5 Qxg5 59. Kb4 Qc1 60. c4 Kxe5 61. Kc5 Qc3 62. Kb5 Kd6 63. c5+ Qxc5+ 64. Ka4
Qc3 65. Kb5 Qb3+ 66. Ka6 Kc6 67. Ka7 Qb7# {Hossa checkmated} 0-1

[Event "ICS rated blitz match"]
[Site "204.178.125.65"]
[Date "2000.09.28"]
[Round "?"]
[White "F22Storm"]
[Black "Hossa"]
[Result "1-0"]
[WhiteElo "2396"]
[BlackElo "2437"]
[PlyCount "97"]
[EventDate "2000.??.??"]

1. e4 c6 2. d4 d5 3. Nc3 g6 4. Nf3 Bg4 5. Be2 Bg7 6. Be3 dxe4 7. Nxe4 Nh6 8.
O-O Nf5 9. c3 Nxe3 10. fxe3 O-O 11. Nfg5 Bxe2 12. Qxe2 Nd7 13. Qf2 Qc7 14. Qf3
h6 15. Nxf7 Rae8 16. Rad1 Rc8 17. c4 Rce8 18. c5 Rc8 19. b4 a5 20. bxa5 Rce8
21. Rb1 Nb8 22. Rf2 Nd7 23. g4 Qc8 24. Rbf1 Nb8 25. Qf4 Na6 26. a4 Nb4 27. Qf3
Nd3 28. Rd2 Nb4 29. Rb2 Nd3 30. Rb3 Ne1 31. Rxe1 Rxf7 32. Qg2 Rd8 33. Reb1 e5
34. Nd6 Rxd6 35. cxd6 exd4 36. a6 b5 37. axb5 cxb5 38. Rxb5 Qxa6 39. Qd5 Qa3
40. Rb8+ Kh7 41. d7 Qxe3+ 42. Kh1 Qe2 43. Rg1 d3 44. d8=Q Qxh2+ 45. Kxh2 Rf2+
46. Kh1 Rf8 47. Qxf8 Bxf8 48. Qf7+ Kh8 49. Rxf8# {Hossa checkmated} 1-0